Govt. of
Madhya Pradesh

Trees (Record no. 1117)

MARC details
000 -LEADER
fixed length control field 004670000a22001930004500
001 - CONTROL NUMBER
control field 001122
003 - CONTROL NUMBER IDENTIFIER
control field MACL
005 - DATE AND TIME OF LATEST TRANSACTION
control field 20151206160107.0
008 - FIXED-LENGTH DATA ELEMENTS--GENERAL INFORMATION
fixed length control field 151206b xxu||||| |||| 00| 0 eng d
040 ## - CATALOGING SOURCE
Original cataloging agency MACL
Transcribing agency MACL
041 ## - LANGUAGE CODE
Language code of text/sound track or separate title English
082 ## - DEWEY DECIMAL CLASSIFICATION NUMBER
Classification number 741.642
100 ## - MAIN ENTRY--PERSONAL NAME
Personal name National Book Trust
9 (RLIN) 337
245 ## - TITLE STATEMENT
Title Trees
Remainder of title An Ecology book
260 ## - PUBLICATION, DISTRIBUTION, ETC. (IMPRINT)
Place of publication, distribution, etc. National Book Trust India,
Date of publication, distribution, etc. 1995
350 ## - PRICE (NR) (BK AM CF MU VM SE) [OBSOLETE]
Price 23
650 ## - SUBJECT ADDED ENTRY--TOPICAL TERM
Topical term or geographic name as entry element Children's Book
9 (RLIN) 19643
942 ## - ADDED ENTRY ELEMENTS (KOHA)
Call number prefix 741.642
Koha item type Books
Source of classification or shelving scheme
Holdings
Withdrawn status Lost status Source of classification or shelving scheme Damaged status Not for loan Home library Current library Shelving location Date acquired Cost, normal purchase price Total Checkouts Full call number Barcode Date last seen Uniform Resource Identifier Price effective from Koha item type
          MACL MACL Children's Area 15/04/2015 22.50   741.642 CRE011609 02/05/2024 1121 15/04/2015 Books